|
|
|
|
| LEADER |
00000nam0a2200000 4500 |
| 001 |
47554 |
| 005 |
20231101211109.0 |
| 010 |
|
|
|a 5791300212
|
| 035 |
|
|
|a (RuTPU)RU\TPU\book\49669
|
| 090 |
|
|
|a 47554
|
| 100 |
|
|
|a 20030218d1998 m y0rusy50 ca
|
| 101 |
0 |
|
|a rus
|
| 102 |
|
|
|a RU
|
| 105 |
|
|
|a y j 001zy
|
| 200 |
1 |
|
|a Качественные методы: введение в гуманистическую социологию
|e учебное пособие
|f В. В. Семенова
|
| 210 |
|
|
|a Москва
|c Добросвет
|d 1998
|
| 215 |
|
|
|a 292 с.
|
| 320 |
|
|
|a Библиогр.: с. 231-240
|
| 320 |
|
|
|a Словарь основных терминов: с. 221-230.
|
| 606 |
1 |
|
|a Социология
|2 stltpush
|3 (RuTPU)RU\TPU\subj\67656
|9 83377
|
| 610 |
1 |
|
|a социология
|
| 610 |
1 |
|
|a социологическое познание
|
| 610 |
1 |
|
|a гуманистическая социология
|
| 610 |
1 |
|
|a качественные методы
|
| 610 |
1 |
|
|a методология
|
| 610 |
1 |
|
|a теория
|
| 610 |
1 |
|
|a эмпирические результаты
|
| 610 |
1 |
|
|a исследование операций
|
| 610 |
1 |
|
|a учебные пособия
|
| 686 |
|
|
|a С5я73
|v LBC/SL-A
|2 rubbk
|
| 700 |
|
1 |
|a Семенова
|b В. В.
|g Виктория Владимировна
|
| 712 |
0 |
2 |
|a Российская академия наук (РАН)
|b Институт социологии (ИС)
|c (Москва)
|2 stltpush
|3 (RuTPU)RU\TPU\col\11828
|
| 801 |
|
1 |
|a RU
|b 63413507
|c 20030218
|g PSBO
|
| 801 |
|
2 |
|a RU
|b 63413507
|c 20220408
|g PSBO
|
| 900 |
|
|
|a Социология
|
| 942 |
|
|
|c BK
|
| 952 |
|
|
|a 521200
|b 020300
|